Orígenes de la vida económica chilena. 1659-1808

Saved in:
Bibliografiske detaljer
Hovedforfatter: Ramón, Armando de (autor)
Andre forfattere: Larraín, José Manuel (autor)
Format: Bog
Sprog:spansk
Udgivet: Santiago, Chile: Centro de Estudios Públicos, 1982.
Fag:
Tags: Tilføj Tag
Ingen Tags, Vær først til at tagge denne postø!

MARC

LEADER 00000nam a2200000 a 4500
001 UCO1568
003 CL-VaPUC
005 20220822114344.0
008 000519e19820000CL |||||||||||||||||spa|d
999 |c 288177  |d 288175 
040 |c Pontificia Universidad Católica de Valparaíso 
082 0 4 |a 330.983 RAM 1982  |2 21 
100 0 |a Ramón, Armando de  |e autor  |9 443852 
245 1 0 |a Orígenes de la vida económica chilena.  |b 1659-1808 
260 |a Santiago, Chile:  |b Centro de Estudios Públicos,   |c 1982.  
300 |a 416 páginas.  
500 |a c.4 Donación Familia Prof. Alejandro Guzmán Brito.  
583 |a last modification  |c 20180514 10:41:26  |k Rodrigo Vera 
650 7 |a HISTORIA ECONOMICA  |2 CL-VaPUC  |9 443854  |y 1659-1808  |z CHILE 
650 7 |a HISTORIA DE CHILE  |2 CL-VaPUC  |9 443855  |y 1659-1808 
650 0 |a Agricultura  |z CHILE  |9 255598 
650 0 |a Minería  |z CHILE  |9 326008 
700 0 |a Larraín, José Manuel  |e autor  |9 443853 
852 |a BIBCUR 
942 |c BK  |2 ddc  |n 0 
945 |d 20000519 00:00:00  |a crobeson 
952 |0 0  |1 0  |2 ddc  |4 0  |6 330_983000000000000_RAM_1982  |7 0  |8 A  |9 335635  |a BIBHIS  |b BIBHIS  |d 2019-11-20  |i 1276492  |l 1  |o 330.983 RAM 1982  |p 1276492  |r 2025-01-20  |s 2023-06-05  |t 1  |w 2019-11-20  |y BK  |k HIS 
952 |0 0  |1 0  |2 ddc  |4 0  |6 330_983000000000000_RAM_1982  |7 0  |8 A  |9 335636  |a BIBHIS  |b BIBHIS  |d 2019-11-20  |i 1276506  |l 1  |o 330.983 RAM 1982  |p 1276506  |r 2025-01-20  |s 2023-06-01  |t 2  |w 2019-11-20  |y BK  |k HIS 
952 |0 0  |1 0  |2 ddc  |4 0  |6 330_983000000000000_RAM_1982  |7 0  |8 A  |9 335637  |a BIBHIS  |b BIBHIS  |d 2019-11-20  |i 1276514  |l 1  |o 330.983 RAM 1982  |p 1276514  |r 2025-01-20  |s 2023-03-20  |t 3  |w 2019-11-20  |y BK  |k HIS